Statystyki dla Zgadnij do kogo należy ten utwór rapowy

Kliknij tutaj aby rozwiązać quiz!

Ogólne statystyki

  • Ten quiz został rozwiązany 40 razy
  • Średni wynik to 9 z 15

Statystyki odpowiedzi

TytułRaper% Poprawnych
Młody padarewskiMata
89%
CandyQuebonafide
89%
Deszcz na betonieTaco hemingway
89%
Nie mam czasu na wakacjeŻabson
86%
Sprzedałem sięOki
81%
30 kmhKali
70%
21 gramówZeamsone
68%
Człowiek motylSzpaku
62%
Jak nie wróce po północyKuban
54%
ZtbGibbs
43%
Dziecko wojnySarius
43%
PRL22Białas
30%
KłamczuchFloral bugs
22%
PorscheKukon
19%
MomentBeka ksh
11%

Rozkład punktacji

Percentyl według liczby udzielonych odpowiedzi

Procent ludzi z każdym wynikiem

Twoja historia wyników

Nie rozwiązałeś tego quizu